[Event "EIWCC 2017"]
[Site "Riga"]
[Date "2017.04.17"]
[Round "7"]
[White "Javakhishvili, Lela"]
[Black "Pustovoitova, Daria"]
[Result "0-1"]
[WhiteElo "2456"]
[BlackElo "2411"]
[Annotator "TA"]
[PlyCount "58"]
[EventDate "2017.??.??"]
[EventType "swiss"]
[EventCountry "LAT"]
[SourceTitle "playchess.com"]
[Source "ChessBase"]
[SourceQuality "1"]

{[%evp 16,58,81,66,56,26,41,20,22,-85,-80,-85,-79,-64,6,0,-4,-14,-15,0,0,-61,-62,-127,-131,-171,-150,-204,-198,-181,-124,-123,-133,-114,-13,-245,-253,-268,-297,-276,-291,-263,-226,-1406,-1395]} 1. d4 Nf6 2. c4 e6 3. Nf3 Bb4+ 4. Nbd2 O-O 5. a3 Be7 6. e4 d6 {E11: Bogo-Indian} 7. Be2 (7. Bd3 Nbd7 8. b4 e5 9. d5 a5 10. Rb1 axb4 11. axb4 c6 12. O-O cxd5 13. cxd5 Nb6 14. Nb3 Nbxd5 15. exd5 {0-1 (48) Nakamura,H (2779)-Caruana,F (2823) Saint Louis 2016}) 7... c5 8. d5 e5 9. Qc2 {LiveBook: 3 Games} Nh5 {[%cal Bf6h5,Bh5f4,Bf4g2][%mdl 32]} 10. b4 $146 (10. Nb1 Nf4 11. Bxf4 exf4 12. e5 dxe5 13. Nxe5 Bf6 14. Nf3 {½-½ (79) Lindgren,P (2420)-Kulaots,K (2564) Sweden 2017}) 10... b6 11. bxc5 bxc5 12. Nxe5 (12. Ng1 $11 Nf4 13. Bf3 (13. g3 Nxe2 14. Nxe2 Bh3 $17)) 12... Nf4 $17 13. Nd3 Nxg2+ 14. Kd1 f5 (14... Bf6 $15 15. Rb1 (15. e5 Bxe5 16. Nxe5 dxe5 $11) 15... Nh4) 15. Rg1 $11 Nh4 $1 16. Bb2 Bf6 17. e5 dxe5 18. Nxe5 (18. Bxe5 $11 Bxe5 19. Nxe5) 18... Qd6 $15 19. f4 (19. Ndf3 $15) 19... Nd7 $1 $17 {[%cal Rd7e5]} 20. Nd3 Ng6 21. Rf1 {[#]} (21. Rb1 $17) 21... Bxb2 $1 $19 22. Qxb2 Re8 (22... Rb8 $19 23. Qc3 Nf6) 23. Qb5 Qf6 24. Rc1 Qd4 (24... Qe7 25. Bh5 $11) (24... Rb8 $17 25. Qa5 Rb6) 25. Nf3 $2 (25. Qa5 $11 {and White has nothing to worry.}) 25... Qe3 {[%csl Ge8][%cal Re3e2]} 26. Nfe5 {[#]} Rb8 $1 {[%cal Rb8b5]} ({Weaker is} 26... Ngxe5 27. fxe5 Rb8 28. Rf3 $17) 27. Qa4 Ngxe5 28. fxe5 Rxe5 29. Nxe5 $2 (29. Qc2 Re4 30. Qd2) 29... Rb2 ({Less strong is} 29... Qxe5 30. Qc2 (30. Qc6 Qd4+ 31. Ke1 Nf6 $17) 30... Rb2 31. Qd3 $17) 0-1

[Event "EIWCC 2017"]
[Site "Riga"]
[Date "2017.04.17"]
[Round "7"]
[White "Cramling, Pia"]
[Black "Fataliyeva, Ulviyya"]
[Result "1/2-1/2"]
[WhiteElo "2452"]
[BlackElo "2287"]
[Annotator "TA"]
[PlyCount "116"]
[EventDate "2017.??.??"]
[EventType "swiss"]
[EventCountry "LAT"]
[SourceTitle "playchess.com"]
[Source "ChessBase"]
[SourceQuality "1"]

{[%evp 22,116,44,41,53,20,55,46,61,72,80,56,68,50,54,51,52,46,66,12,41,0,7,-15,0,-9,0,0,19,0,19,0,0,0,0,-27,-27,-27,-25,-30,-28,-32,0,0,74,82,304,295,512,91,93,93,80,0,0,0,0,0,0,0,27,5,47,47,43,15,18,26,39,16,16,16,16,16,15,17,25,0,0,-8,-8,-8,-8,-8,0,0,0,-8,-8,-8,0,0,0,0,0,0,0]} 1. Nf3 e6 2. c4 Nf6 3. g3 b6 4. Bg2 Bb7 5. O-O g6 6. d4 Bg7 7. Nc3 Ne4 8. Nxe4 Bxe4 9. Bg5 {A50: Queen's Fianchetto Defence (1 d4 Nf6 2 c4 b6)} Qc8 10. Qd2 h6 11. Be3 d6 12. Rac1 {LiveBook: 12 Games} c5 $146 (12... Nd7 13. c5 d5 14. b4 bxc5 15. dxc5 c6 16. Rfd1 a6 {½-½ (29) L'Ami,E (2626)-Harikrishna,P (2696) Vlissingen 2013}) 13. d5 exd5 14. cxd5 Qd8 15. Rc4 Bxf3 16. exf3 Nd7 17. Re1 Kf8 18. f4 b5 19. Rc2 Kg8 20. f5 ({White should try} 20. Qd3 $14) 20... g5 $11 21. b3 Bf6 22. a4 a6 23. Qe2 Rb8 24. Ra2 Kg7 25. axb5 axb5 26. Ra7 Re8 27. Bf1 Ne5 28. Kg2 Qc8 29. f4 gxf4 30. gxf4 Nd7 $1 (30... Qxf5 31. fxe5 Rxe5 32. Qf2 $16) 31. Kh1 Kh7 32. Qh5 Re7 (32... Rf8 $1 $11) 33. Bd4 $16 Qe8 $2 (33... cxd4 $16 {was called for.} 34. Rxe7 Bxe7 35. Qxf7+ Kh8) 34. Rxe7 $18 Bxe7 $2 (34... Qxe7 35. Bxf6 Qxf6 36. Rxd7 Kg8) 35. Rxd7 $2 ({Not} 35. f6 Bxf6 36. Bd3+ Kg8 37. Qg4+ Kf8 $16) (35. Bd3 $18 {has better winning chances. Intending f6+ and mate.} Bf6 36. Bxf6) 35... cxd4 $16 36. f6 Bxf6 {[#] ...Qe4+ is the strong threat.} 37. Qxf7+ (37. Rxf7+ $16 Bg7 38. Qf5+ Kh8 39. Qe6) 37... Qxf7 $11 38. Rxf7+ $16 {[%mdl 4096] Endgame KRB-KRB} Kg6 39. Rd7 Kf5 40. Rxd6 {[#] aiming for Bd3+.} Rf8 41. Bxb5 Ke4 42. Re6+ Kxd5 43. Bc4+ Kc5 44. Kg2 Bd8 45. Re5+ Kb4 46. f5 Kc3 47. Rd5 Bf6 48. Kf3 h5 49. h3 Re8 {The position is equal.} 50. Rd6 Re3+ 51. Kg2 Be5 52. Rd5 Bf6 53. Rd6 Be5 54. Rd5 h4 55. Kf2 Bg3+ 56. Kg2 {Black should prevent f6.} Be5 57. Kf2 Bg3+ 58. Kg2 {next f6 is good for White.} Be5 1/2-1/2

[Event "EIWCC 2017"]
[Site "Riga"]
[Date "2017.04.17"]
[Round "7"]
[White "Goryachkina, Aleksandra"]
[Black "Dzagnidze, Nana"]
[Result "1/2-1/2"]
[WhiteElo "2452"]
[BlackElo "2528"]
[Annotator "TA"]
[PlyCount "32"]
[EventDate "2017.??.??"]
[EventType "swiss"]
[EventCountry "LAT"]
[SourceTitle "playchess.com"]
[Source "ChessBase"]
[SourceQuality "1"]

{[%evp 7,32,12,-4,13,19,19,8,8,20,21,41,38,40,41,44,0,0,0,0,0,0,0,0,0,0,5,3]} 1. d4 d5 2. c4 e6 3. Nf3 Nf6 4. g3 Bb4+ 5. Bd2 {E01: Catalan: Early deviations} Bd6 (5... Be7 6. Bg2 O-O 7. O-O Nbd7 8. Qc2 Ne4 9. Bf4 c6 10. Nc3 g5 11. Bc1 f5 12. b3 b6 13. Bb2 Bb7 14. Rad1 Qe8 15. Nd2 Nd6 16. Ba3 Rc8 17. Rfe1 Nf7 18. Qb2 {½-½ (30) So,W (2822)-Nakamura,H (2793) Saint Louis 2017}) 6. Nc3 O-O 7. Bg5 c6 8. Bg2 Nbd7 9. e4 dxe4 {[#]} 10. Nxe4 $1 {[%mdl 512]} Bb4+ (10... Nxe4 11. Bxd8) 11. Bd2 Bxd2+ {The position is equal.} 12. Nexd2 e5 13. dxe5 Re8 $146 14. O-O Nxe5 15. Nxe5 Rxe5 16. Nf3 Re8 1/2-1/2

[Event "EIWCC 2017"]
[Site "Riga"]
[Date "2017.04.17"]
[Round "7"]
[White "Zawadzka, Jolanta"]
[Black "Ivanenko, Olga I"]
[Result "1-0"]
[WhiteElo "2449"]
[BlackElo "2252"]
[Annotator "TA"]
[PlyCount "135"]
[EventDate "2017.??.??"]
[EventType "swiss"]
[EventCountry "LAT"]
[SourceTitle "playchess.com"]
[Source "ChessBase"]
[SourceQuality "1"]

{[%evp 18,135,12,17,28,35,43,39,51,50,52,31,27,5,12,31,33,22,36,18,20,10,27,0,0,0,0,0,0,-53,-47,-95,-10,-36,-23,-63,-37,-33,-25,-16,-19,-43,-49,-59,-20,-29,-33,-31,0,-64,-22,-51,0,-35,-3,-61,-21,-72,0,-78,-71,-80,0,-6,-14,-24,-15,-12,0,0,0,0,15,12,50,14,30,32,35,8,10,0,0,0,0,0,60,57,51,8,8,8,8,8,10,0,40,35,435,405,696,656,1737,1672,5614,8382,2337,6213,29957,29961,29961,29962,29963,29967,29966,29965,29967,29967,29965,29964]} 1. e4 c5 2. Nf3 d6 3. d4 cxd4 4. Nxd4 Nf6 5. f3 e5 6. Nb3 Be6 7. c4 Nc6 {B55: Sicilian: 2...d6 3 d4 cxd4 4 Nxd4 Nf6 5 f3} (7... Nbd7 8. Be3 Rc8 9. Nc3 Bxc4 10. Bxc4 Rxc4 11. Qd3 Rc6 12. O-O-O Be7 13. Kb1 O-O 14. g4 a6 15. g5 Nh5 {1-0 (52) Anand,V (2779)-Jumabayev,R (2611) Doha 2016}) 8. Be3 Be7 9. Nc3 O-O 10. Be2 {LiveBook: 6 Games} a6 11. O-O Rc8 12. Qd2 Nd7 13. Nd5 Nc5 14. Rfd1 $146 Bxd5 15. Qxd5 Ne6 16. Bf1 Qc7 17. Qd2 Rfd8 18. Kh1 b6 19. Rac1 h6 20. g3 Bg5 21. f4 Bf6 22. Bh3 Rb8 23. Qf2 (23. Bxe6 $11 fxe6 24. Qg2) 23... Nc5 $15 24. Bg2 exf4 (24... Nb4 $17 {Threatens to win with ...Nbd3.} 25. Rb1 Nxa2 26. fxe5 Bxe5) 25. Bxf4 Be5 26. Rd2 Re8 27. Rcd1 Rbd8 28. Nc1 Qe7 29. Re2 a5 30. b3 Qf6 31. Be3 Qxf2 32. Bxf2 Re7 33. Bf3 (33. Nd3 $11) 33... Rde8 34. Kg2 g6 (34... a4 $15) 35. h4 h5 36. Be3 ({Better is} 36. Nd3 $11) 36... Kg7 37. Rf2 (37. Nd3 $11 {keeps the balance.}) 37... Rd8 ({Black should play} 37... a4 $17) 38. Ne2 {[#]} (38. Nd3 $11) 38... a4 $1 $17 39. Nf4 {White wants to play Nd5.} Bxf4 (39... axb3 $17 {...b2 is the strong threat.} 40. axb3 Nxb3) 40. Bxf4 Ne5 ({Don't play} 40... axb3 41. Bxd6 Nxe4 42. Bxe7 Nxf2 43. Rxd8 $14 (43. Bxd8 Nxd1 44. axb3 Nxd8 $11)) 41. Rd5 axb3 42. axb3 f6 43. Bxe5 Rxe5 44. b4 Na6 45. Rb2 Re7 46. Rd1 Rc7 47. Be2 Nb8 $1 48. Rbd2 Nc6 $1 49. Rxd6 Rxd6 50. Rxd6 {[#] And now b5 would win.} Nxb4 51. Rxb6 $11 {[%mdl 4096] Endgame KRB-KRN} Nc2 ({Black should try} 51... Nc6 $11) 52. Kf2 $14 Nd4 53. Bd3 {Black must now prevent e5!} Nc6 $1 54. Ke3 Ne5 55. Rb4 Kf7 56. Be2 Ke6 57. Rb6+ Rc6 $2 {[%mdl 8192]} (57... Ke7 $14) 58. c5 $18 {[%cal Bc4c5,Bc5b6,Bb6b7][%mdl 32]} Rxb6 (58... Ke7 $142 59. Rb7+ Ke6) 59. cxb6 {KB-KN} Nd7 60. b7 Ke5 61. Bb5 Nb8 62. Be8 g5 63. hxg5 {White mates.} fxg5 64. Bxh5 Kd6 65. Kf3 Kc7 66. Kg4 Kxb7 67. Kxg5 Kc6 68. Be8+ 1-0

[Event "EIWCC 2017"]
[Site "Riga"]
[Date "2017.04.17"]
[Round "7"]
[White "Khotenashvili, Bela"]
[Black "Muzychuk, Mariya"]
[Result "1/2-1/2"]
[WhiteElo "2445"]
[BlackElo "2546"]
[Annotator "TA"]
[PlyCount "120"]
[EventDate "2017.??.??"]
[EventType "swiss"]
[EventCountry "LAT"]
[SourceTitle "playchess.com"]
[Source "ChessBase"]
[SourceQuality "1"]

{[%evp 19,120,33,25,0,20,16,11,14,14,11,11,15,17,14,20,7,8,0,8,9,25,23,29,25,26,29,19,20,112,116,112,106,106,108,104,27,21,0,68,41,72,79,98,95,102,95,461,461,546,98,87,70,70,70,70,75,75,77,81,30,21,0,15,0,94,56,56,56,80,80,80,0,56,56,56,0,56,56,56,56,56,56,56,56,56,56,56,56,56,0,56,56,56,0,0,0,0,0,0,0,0,0,0]} 1. d4 Nf6 2. Nf3 g6 3. Bf4 Bg7 4. e3 O-O 5. h3 d6 6. Be2 Nbd7 7. O-O Re8 8. c4 b6 9. Nc3 Bb7 10. Qc2 e5 {LiveBook: 11 Games} 11. Bg5 {E61: King's Indian: Early deviations for White, including Smyslov System} exd4 $146 (11... h6 12. Bh4 Qe7 13. Rad1 exd4 14. exd4 g5 15. Bg3 Ne4 16. Bd3 Nxc3 17. bxc3 Bxf3 18. gxf3 Nf6 19. f4 gxf4 20. Bh4 Kh8 21. Kh1 Qe6 22. Kh2 Ng4+ 23. Kh1 Nf6 24. Kh2 Ng4+ 25. Kh1 {½-½ (25) Plaskett,H (2490)-Trent,L (2463) Southend 2008}) 12. exd4 h6 13. Be3 Ne4 14. Nxe4 Bxe4 15. Qd2 d5 16. Bxh6 dxc4 17. Bg5 (17. Bxg7 $5 {looks sharper.} Kxg7 18. Rac1 b5 19. b3 cxb3 20. axb3 c6 21. Ng5) 17... Bf6 {[#] aiming for ...Bxf3.} 18. h4 b5 19. Rfe1 Nb6 (19... c5 $5 {seems wilder.} 20. a4 cxd4 21. Bxf6 Nxf6 22. Nxd4 a6) 20. Rad1 Bxf3 21. Bxf3 {Threatens to win with Rxe8+.} Rxe1+ $1 22. Rxe1 Bxg5 $1 23. hxg5 Rb8 (23... Nd5 $11) 24. Bc6 $16 Qd6 25. Bxb5 c6 26. Ba6 Kg7 27. Qe3 (27. Re4 $16) 27... Rd8 $11 28. Rd1 Rd7 (28... c5 $1 $11) 29. b3 cxb3 30. axb3 c5 31. d5 Nxd5 {[#]} 32. Qh3 $1 Qe7 $2 {[%mdl 8192]} (32... Qc6 $16 {is tougher.} 33. Bf1 Qe6) 33. Bc4 $18 Qd8 34. Qf3 $2 (34. f4 $18 {has better winning chances.}) 34... Nb6 $16 35. Rxd7 Qxd7 36. Qf6+ Kf8 $1 37. Qh8+ Ke7 38. Qe5+ Kd8 39. Qf6+ (39. Qb8+ $16 Ke7 40. Be2 (40. Qe5+ Kf8 $16)) 39... Ke8 $1 $11 40. Qh8+ Ke7 41. Qe5+ (41. Bf1 $11) 41... Kd8 $16 42. Qxc5 {Hoping for Qf8+.} Nxc4 43. bxc4 {[%mdl 4096] Endgame KQ-KQ} Qe6 44. Qa5+ Kc8 45. c5 (45. Qxa7 $16 {Strongly threatening Qd4.} Qxc4 46. Qe3) 45... Kb7 (45... Qd5 $1 $11) 46. Qb4+ Kc6 47. g3 (47. Qa4+ $14 Kxc5 48. Qxa7+ Kc4 49. Qc7+ Kd5 50. g3) 47... Qd5 (47... Qa2 $1 $11) 48. Qa4+ $14 Kxc5 49. Qxa7+ Kd6 50. Qe3 Qe5 51. Qd2+ Ke6 52. Kh2 Qe4 53. Qc3 Qe5 54. Qd2 Qe4 $1 55. Qd8 {And now Qf6+ would win.} Qf3 56. Kg1 (56. Qe8+ $14 Kd6 57. Qb8+ Ke6 58. Qf4) 56... Kf5 $11 {The position is equal.} 57. Qf6+ Kg4 58. Qd8 Kf5 59. Qf6+ Kg4 60. Qd8 Kf5 1/2-1/2

[Event "EIWCC 2017"]
[Site "Riga"]
[Date "2017.04.17"]
[Round "7"]
[White "Daulyte, Deimante"]
[Black "Pavlidou, Ekaterini"]
[Result "1-0"]
[WhiteElo "2443"]
[BlackElo "2180"]
[Annotator "TA"]
[PlyCount "115"]
[EventDate "2017.??.??"]
[EventType "swiss"]
[EventCountry "LAT"]
[SourceTitle "playchess.com"]
[Source "ChessBase"]
[SourceQuality "1"]

{[%evp 18,115,71,71,59,54,49,72,58,63,50,-38,-36,0,0,0,0,0,17,-20,0,-26,3,6,69,43,114,94,156,138,145,137,145,137,239,81,207,195,162,24,26,30,210,144,265,266,242,202,228,197,393,392,384,380,315,142,280,36,81,78,34,53,262,253,252,210,210,169,230,129,116,76,438,325,483,0,0,0,0,0,0,0,0,0,0,0,29967,29964,29975,29976,29978,29979,29979,29980,29980,29981,29981,29982,29982,29983]} 1. e4 c5 2. Nf3 e6 3. d4 cxd4 4. Nxd4 Nc6 5. Nc3 Qc7 6. Be2 a6 7. O-O Nf6 8. Be3 Bb4 9. Nxc6 Bxc3 10. bxc3 {aiming for Nb4.} Qxc6 {B49: Sicilian: Taimanov: 5 Nc3 Qc7 6 Be3 a6 7 Be2} (10... bxc6 11. f4 Nxe4 12. Bf3 Nf6 13. Bc5 d5 14. Qd4 Rb8 15. Rae1 Rb5 16. c4 Rxc5 17. Qxc5 Nd7 18. Qa3 Qxf4 19. Rxe6+ fxe6 {1-0 (30) Harika,D (2542)-Peng,Z (2368) Baku 2016}) 11. Bd4 Nxe4 12. Bxg7 $146 (12. Bf3 f6 13. Re1 d5 14. Bxe4 dxe4 15. Qh5+ g6 16. Qh6 e5 17. Qg7 Rf8 18. Be3 {½-½ (81) Vasilevich,T (2429)-Kouvatsou,M (2223) Istanbul 2000}) 12... Nxc3 {White is better.} 13. Bxc3 Qxc3 14. f4 (14. Rb1 $14) 14... Qc5+ 15. Kh1 b5 16. f5 e5 17. Bf3 Ra7 18. Re1 d6 19. Qd3 Ke7 20. Rad1 f6 (20... h5 $1 $11) 21. Bd5 $14 {[%mdl 1024] White has compensation.} Kd8 ({Black should play} 21... Kf8 $14) 22. c4 b4 (22... bxc4 $142 23. Bxc4 Rc7) 23. Qg3 Re7 (23... Bxf5 $2 24. Qf3 Qc8 25. Rf1 (25. Be4 Bxe4 26. Qxf6+ Kc7 $18)) 24. Qh4 Rf8 25. Qh6 Ke8 (25... Ree8 $16 {keeps fighting.}) 26. Rf1 $2 (26. Bf3 $1 $18 {[%cal Rf3h5] is the precise move to win.} Bxf5 27. Rd5) 26... Qc7 (26... e4 $16) 27. c5 $18 dxc5 28. Bf3 ({White should try} 28. Qh5+ $18 Kd8 29. Be6+ Bd7 30. Qf3 (30. Qh6 Ke8 $11)) 28... Ref7 $1 $11 29. Bh5 $36 {[%mdl 2048] Hoping for Qxf6. White has the initiative.} Qc6 $2 (29... Ke7 $1 $11 {and Black stays safe.}) 30. Qxh7 Ke7 (30... c4 $16) 31. Bxf7 $18 Rxf7 32. Qg8 {[%csl Gd1][%cal Rg8d8]} Rf8 33. Qc4 Bb7 $2 (33... a5) 34. Rf2 Rd8 35. Rxd8 Kxd8 {[%mdl 4096] Endgame KQR-KQB} 36. Rc2 (36. Rd2+ $18 {has better winning chances.} Kc7 37. h4 (37. Qg8 Qe4 38. Qd8+ Kc6 $11)) 36... Qd7 (36... Qd6 $16 37. Qe2 (37. Qg8+ Kc7 38. Qg4 Kb6 $11) 37... Kc7) 37. Qg8+ $2 ({Only move:} 37. h3 $1 $18) 37... Kc7 $14 {[%cal Rd7d1]} 38. Rxc5+ Kb6 {[%cal Rd7d1]} 39. Rc1 Qxf5 $2 (39... Qd2 $14 40. Rg1 Kb5) 40. Qc4 $18 {[%csl Gc1][%cal Rc4c5]} a5 41. Qc5+ Ka6 42. Kg1 {Threatens to win with Rd1.} Qe4 (42... Qd7 $142 43. Rf1 Qd4+ 44. Qxd4 exd4) 43. Qf2 ({White has to play} 43. Qd6+ $18 Ka7 44. Qd2 (44. Qc5+ Ka6 45. Qd6+ Ka7 $16)) 43... Qd4 $16 {[#]} 44. h4 $1 {Strongly threatening h5.} Kb5 $2 {[%mdl 8192]} (44... Bd5 $16) 45. h5 a4 (45... Be4 $142 46. Re1 Bf5) 46. h6 $2 (46. Qxd4 $18 {White wants to mate with Qa7.} exd4 47. Re1) 46... Be4 $11 {White must now prevent ...b3.} 47. Qxd4 exd4 {KR-KB} 48. Re1 Bg6 {next ...b3 is good for Black.} 49. Re7 Kc4 50. h7 Bxh7 $1 51. Rxh7 {Rb7 is the strong threat. KR-KP} Kc3 $2 {[%mdl 8192] [#]} (51... b3 $11 52. axb3+ (52. Rc7+ Kd3 53. axb3 axb3 $11) 52... axb3) 52. Rc7+ $1 {White mates.} Kb2 53. Rc4 $1 {[%csl LRb4,LRd4]} d3 54. Kf2 ({Not} 54. Rxb4+ Kc3 55. Rb8 d2 56. Rc8+ Kb2 $11) 54... b3 55. axb3 a3 56. Ke3 Kxb3 57. Kxd3 a2 58. Rc1 1-0

[Event "EIWCC 2017"]
[Site "Riga"]
[Date "2017.04.17"]
[Round "7"]
[White "Danielian, Elina"]
[Black "Girya, Olga"]
[Result "1-0"]
[WhiteElo "2437"]
[BlackElo "2470"]
[Annotator "TA"]
[PlyCount "199"]
[EventDate "2017.??.??"]
[EventType "swiss"]
[EventCountry "LAT"]
[SourceTitle "playchess.com"]
[Source "ChessBase"]
[SourceQuality "1"]

{[%evp 24,199,-20,-27,0,-39,-43,-42,-50,-72,-101,-62,0,0,0,-13,-8,-17,-13,-29,-18,-74,0,-17,24,31,67,33,170,196,181,187,174,102,250,207,233,207,215,192,263,183,287,225,220,192,193,108,113,97,106,96,113,0,27,0,11,0,0,0,0,0,50,16,16,23,42,0,10,14,51,22,202,170,206,198,186,185,261,250,254,252,214,206,466,454,433,254,262,250,220,158,150,150,146,127,122,135,184,178,171,150,185,185,254,254,248,243,262,262,254,254,246,221,214,92,108,107,102,102,89,77,77,50,106,65,114,107,110,100,135,138,122,75,75,75,259,250,267,266,1437,1456,1703,1703,1544,1489,1703,1703,1703,1688,1688,1688,1681,1671,1681,1681,1582,1536,29949,29950,29953,29948,29955,29946,29958,29961,29955,29951,7669,5960,5221,4627,2832,1507,29965,29970,12819,8025]} 1. Nf3 d5 2. g3 Bg4 3. Bg2 c6 4. b3 Nf6 5. Bb2 Nbd7 6. d3 e6 7. Nbd2 Bd6 8. O-O O-O 9. h3 Bh5 10. Qe1 e5 11. e4 Re8 12. Nh4 Nc5 13. Kh1 {LiveBook: 5 Games. A07: Réti Opening: New York and Capablanca Systems} (13. Nf5 Bc7 14. f4 exf4 15. gxf4 Bg6 16. Ng3 dxe4 17. Ndxe4 Nfxe4 18. dxe4 Qh4 19. Qc3 Ne6 20. Kh1 f6 {1-0 (91) Rahman,Z (2535)-Stefansson,H (2549) Mallorca 2004}) 13... Bc7 14. a3 Qd7 15. f3 {Black is slightly better.} Ne6 $146 (15... Rad8 16. g4 Bg6 17. Qg3 Ne6 18. Nxg6 hxg6 19. Bxe5 Bxe5 20. Qxe5 dxe4 21. Nxe4 {1-0 (35) Espig,L (2345)-Timpel,K (2210) Germany 2009}) 16. f4 exf4 17. e5 f3 (17... Ng5 $2 18. gxf4 Ne6 19. exf6 $18) (17... fxg3 $1 $15 18. b4 (18. exf6 Ng5 19. Qc1 Nxh3 $19) 18... a5) 18. Ndxf3 Bxf3 19. Rxf3 Ng5 20. Rf5 h6 21. Qb4 Nfh7 22. Qg4 (22. Qxb7 $2 a5 23. e6 Nxe6 24. Bxd5 cxd5 25. Rxd5 Qc8 26. Qxc8 Raxc8 $17) (22. Raf1 $11 {remains equal.}) 22... Re6 (22... Rad8 $17 23. d4 g6) 23. Raf1 Rae8 24. d4 $36 {[%mdl 2048] White is pushing.} Bb6 25. R5f4 {Hoping for Nf5.} Nf8 (25... g6 $1 $14) 26. Nf5 $1 $18 Rg6 (26... Ng6 27. h4 $18) 27. Qe2 Nge6 28. R4f2 ({Better is} 28. R4f3 $18) 28... Nd8 (28... f6 $16) 29. Qd3 Bc7 30. Bc1 Rge6 31. Qf3 Rg6 (31... f6 {was necessary.}) 32. c3 a5 (32... f6 $142) 33. a4 f6 34. exf6 (34. Nh4 fxe5 35. Nxg6 (35. dxe5 Rge6 $11) 35... Nxg6) 34... Rxf6 35. Qg4 ({White should try} 35. Nxh6+ $18 Rxh6 36. Bxh6 gxh6 37. Qh5) 35... Kh7 36. Qh5 Qf7 37. Qh4 Ng6 38. Qh5 ({White has to play} 38. Qg4 $16 Ree6 39. Ba3) 38... Ne7 (38... Nf8 $5 {is interesting.}) 39. Qxf7 Rxf7 40. Nxe7 (40. g4 $5 {feels hotter.} Nxf5 41. gxf5 Bg3 42. Rc2 Rd7 43. Bf3) 40... Rxf2 41. Rxf2 {Ba3 is the strong threat.} Rxe7 42. Kh2 Nf7 43. c4 dxc4 44. bxc4 Nd6 45. d5 c5 46. Bf1 Ne4 47. Rf8 Nxg3 $2 (47... Bxg3+ $11 {and Black has nothing to worry.} 48. Kg2 g6) 48. Bd3+ g6 49. Bb2 $1 {[%csl Gb2][%cal Rf8h8]} Nf5+ 50. Kg2 {[%csl Gb2][%cal Rf8h8]} Nd4 (50... Be5 {might work better.}) 51. Bxd4 $1 (51. Rf6 Re3 $16) 51... cxd4 {[%mdl 4096] Endgame KRB-KRB} 52. c5 $1 ({Less strong is} 52. Rf6 Bb8 $16) 52... Kg7 53. Rc8 {[%mdl 1024] Strongly threatening d6. White has strong compensation.} Be5 $2 (53... Bf4 {is a better defense.}) 54. d6 $1 {[%cal Rd6e7]} Rf7 55. Re8 (55. Bc4 $142 Rf8 56. d7) 55... Bf6 56. Rb8 {Threatens to win with Bc4.} Bh4 57. Bc4 Rf2+ 58. Kg1 Rc2 (58... Rb2 59. c6 $1 {[%mdl 512]} bxc6 60. Rxb2 $18) 59. Rxb7+ Kf6 60. d7 $1 {[%cal Rd7d8]} Ke7 {[#]} 61. Bb5 $1 Rxc5 62. Rb8 Rc1+ 63. Kg2 Rc2+ (63... Kd6 $142 64. Kf3 Re1 65. d8=Q+ Bxd8) 64. Kf3 Ke6 65. Re8+ Kf7 66. d8=Q Rc3+ 67. Kg4 {White threatens Qd7+ and mate.} Bxd8 68. Rxd8 {KRB-KR} h5+ 69. Kg5 (69. Kh4 $18 {is more deadly.}) 69... Rxh3 $16 70. Rd7+ Ke6 71. Rxd4 ({Don't take} 71. Kxg6 Ke5 72. Kg5 Ke4 73. Re7+ Kf3 $18) 71... Rg3+ 72. Kh4 Rg1 73. Rd8 Rg4+ 74. Kh3 Rb4 75. Ra8 g5 76. Rxa5 Rb3+ 77. Kg2 Rb2+ 78. Kf3 {And now Bc4+ would win.} g4+ 79. Kf4 {Black must now prevent Ra6+.} Rf2+ $2 {[#]} (79... Rb4+ $16 80. Kg3 (80. Kg5 g3 81. Bc6 Rg4+ 82. Kxh5 g2 83. Bxg2 Rxg2 $11) 80... Rb3+ 81. Kh4 Rh3+ 82. Kg5 g3) 80. Ke3 $1 $18 Rf3+ 81. Ke4 h4 $2 (81... Kf6 82. Bd7 Rh3 83. Ra6+ Ke7) 82. Be2 Rg3 83. Kf4 Kd6 84. Bxg4 Ra3 85. Ra6+ Kc5 86. Bd7 Rd3 87. Bb5 Rd4+ 88. Kg5 h3 89. Rh6 Rd5+ 90. Kg4 Kb4 91. Rxh3 Rd8 92. Kf4 Ka5 93. Ke4 Rd6 94. Rd3 Rh6 95. Kd5 Rh5+ 96. Kc4 Rh4+ 97. Rd4 Rh1 98. Rd5 Rh4+ 99. Kb3 Kb6 100. Bc4 1-0

[Event "EIWCC 2017"]
[Site "Riga"]
[Date "2017.04.17"]
[Round "7"]
[White "Atalik, Ekaterina"]
[Black "Sazonova, Anastasia"]
[Result "1-0"]
[WhiteElo "2429"]
[BlackElo "2143"]
[Annotator "TA"]
[PlyCount "65"]
[EventDate "2017.??.??"]
[EventType "swiss"]
[EventCountry "LAT"]
[SourceTitle "playchess.com"]
[Source "ChessBase"]
[SourceQuality "1"]

{[%evp 11,65,10,18,-15,81,53,54,45,85,41,23,14,21,20,36,35,33,8,1,3,26,27,29,29,32,28,50,9,43,36,65,54,60,55,142,107,112,116,144,145,137,145,161,101,188,194,250,181,385,393,549,547,544,536,528,525]} 1. d4 d5 2. c4 c6 3. Nf3 Nf6 4. g3 Bf5 5. Nc3 {D11: Slav Defence: 3 Nf3 sidelines and 3...Nf6 4 e3 Bg4} e6 6. Nh4 dxc4 {LiveBook: 12 Games} (6... Bg4 7. Qb3 Qb6 8. h3 Bh5 9. g4 Bg6 10. Nxg6 hxg6 11. Bg2 Na6 12. Bf4 Qb4 {1-0 (46) Gelfand,B (2734)-Inarkiev,E (2730) Magas 2016}) 7. Bg2 {The position is equal.} h6 $146 (7... Bg4 $11) (7... Nbd7 8. O-O Bg4 9. Qc2 Be7 10. Rd1 Nd5 11. Nf3 O-O 12. a3 b5 {0-1 (41) Ragger,M (2632)-Nguyen,N (2621) Dubai 2014}) 8. Nxf5 $16 exf5 9. O-O Be7 10. d5 O-O 11. dxc6 Nxc6 12. Qa4 Rc8 13. Qxc4 Qa5 14. Qb5 {[#] And now Bxc6 would win.} Qxb5 15. Nxb5 Ne4 16. Be3 a6 17. Nc3 Nxc3 18. bxc3 Bf6 19. Rac1 Na5 20. Bb6 Nc6 21. Rfd1 Bd8 22. Be3 Ba5 (22... Bg5 $14) 23. c4 {[%cal Bc3c4,Bc4d5,Bd5d6][%mdl 32]} Rfd8 24. Rd5 Rxd5 25. cxd5 Ne7 26. Rd1 Rd8 27. Bc5 (27. d6 $18 Nc6 28. d7) 27... Nc8 (27... Nc6 $16 {is a better defense.}) 28. d6 $18 {Hoping for d7.} Rd7 (28... Bc7 $142 29. Bxb7 (29. d7 Nd6 30. Rd4 Rxd7 $16) 29... Nxd6) 29. e4 f6 $2 {[#]} (29... b6 {keeps fighting.}) 30. exf5 Ne7 31. Rb1 {White is clearly winning.} Nxf5 32. Bd5+ ({Less strong is} 32. Bxb7 Nxd6 33. Bxa6 Ne4 $16) 32... Kh8 33. Rxb7 ({Weaker is} 33. Be6 Rxd6 34. Bxd6 (34. Bxf5 Rd5 $16) 34... Nxd6 $18) 1-0